[Event "RSA-chT U12"]
[Site "Cape Town"]
[Date "2016.01.06"]
[Round "6.4"]
[White "Calitz, Janno"]
[Black "Smuts, Heinrich"]
[Result "1/2-1/2"]
[WhiteElo "1021"]
[BlackElo "1259"]
[PlyCount "81"]
[EventDate "2016.01.04"]
[EventType "team-tourn"]
[EventRounds "7"]
[EventCountry "RSA"]
[SourceTitle "CBM 170 Extra"]
[Source "ChessBase"]
[SourceDate "2016.02.25"]
[SourceVersion "1"]
[SourceVersionDate "2016.02.25"]
[SourceQuality "1"]
[WhiteTeam "Johannesburg Metro"]
[BlackTeam "Tshwane"]
[WhiteTeamCountry "RSA"]
[BlackTeamCountry "RSA"]

1. e4 c5 2. Nf3 Nc6 3. d4 cxd4 4. Nxd4 e5 5. Nb3 Nf6 6. Nc3 Be7 7. Be3 0-0 8. Qd2 Bb4 9. f3 a6 10. 0-0-0 Be7 11. g4 d6 12. h4 g6 13. h5 gxh5 14. gxh5 Kh8 15. Bd3 Bd7 16. h6 Rg8 17. Rhg1 Rxg1 18. Rxg1 Qf8 19. Qg2 Qg8 20. Nd5 Qxg2 21. Rxg2 Nxd5 22. exd5 Nb4 23. a3 Nxd5 24. Bg5 Bxg5+ 25. Rxg5 Rg8 26. Rxg8+ Kxg8 27. Be4 Be6 28. c4 Nc7 29. Bxb7 Bxc4 30. Nd2 Bd3 31. Ne4 Bxe4 32. fxe4 f6 33. Kd2 Kf7 34. Bd5+ Nxd5 35. exd5 Ke7 36. b4 Kd7 37. a4 Ke7 38. a5 f5 39. Ke2 Kd7 40. Kf3 Ke7 41. Ke3 1/2-1/2

[Event "RSA-chT U12"]
[Site "Cape Town"]
[Date "2016.01.05"]
[Round "4.4"]
[White "Calitz, Janno"]
[Black "Louw, Danial"]
[Result "1-0"]
[WhiteElo "1021"]
[BlackElo "954"]
[PlyCount "107"]
[EventDate "2016.01.04"]
[EventType "team-tourn"]
[EventRounds "7"]
[EventCountry "RSA"]
[SourceTitle "CBM 170 Extra"]
[Source "ChessBase"]
[SourceDate "2016.02.25"]
[SourceVersion "1"]
[SourceVersionDate "2016.02.25"]
[SourceQuality "1"]
[WhiteTeam "Johannesburg Metro"]
[BlackTeam "Kenneth Kaunda"]
[WhiteTeamCountry "RSA"]
[BlackTeamCountry "RSA"]

1. e4 c5 2. Nf3 Nc6 3. d4 cxd4 4. Nxd4 g6 5. Nc3 Bg7 6. Be3 d6 7. Qd2 Nf6 8. 0-0-0 Nxd4 9. Bxd4 Be6 10. Kb1 Qa5 11. f3 b5 12. Bxb5+ Bd7 13. Bxd7+ Kxd7 14. e5 Nd5 15. exd6 Nxc3+ 16. Bxc3 Bxc3 17. Qxc3 Qxc3 18. dxe7+ Kxe7 19. bxc3 Rhb8+ 20. Kc1 Rc8 21. Rhe1+ Kf8 22. Rd3 a5 23. a4 Rab8 24. Re5 Ra8 25. Kb2 Rc7 26. f4 h6 27. f5 g5 28. g3 Rc4 29. Kb3 Rc6 30. h4 g4 31. Red5 Ke8 32. Re3+ Kf8 33. Red3 Rcc8 34. h5 Kg7 35. R5d4 Rab8+ 36. Ka2 Rb7 37. Rxg4+ Kh7 38. Rgd4 Rcb8 39. c4 Rb2+ 40. Ka3 Rb1 41. Rb3 R8xb3+ 42. cxb3 Ra1+ 43. Kb2 Rg1 44. g4 Rg2+ 45. Ka3 Rf2 46. c5 Rc2 47. Rc4 Rxc4 48. bxc4 f6 49. c6 Kg8 50. c7 Kf7 51. c8Q Ke7 52. Qe6+ Kf8 53. Qd7 Kg8 54. c5 1-0

[Event "RSA-chT U12"]
[Site "Cape Town"]
[Date "2016.01.05"]
[Round "3.4"]
[White "Calitz, Janno"]
[Black "Naidoo, Priyasha"]
[Result "1/2-1/2"]
[WhiteElo "1021"]
[BlackElo "1130"]
[PlyCount "102"]
[EventDate "2016.01.04"]
[EventType "team-tourn"]
[EventRounds "7"]
[EventCountry "RSA"]
[SourceTitle "CBM 170 Extra"]
[Source "ChessBase"]
[SourceDate "2016.02.25"]
[SourceVersion "1"]
[SourceVersionDate "2016.02.25"]
[SourceQuality "1"]
[WhiteTeam "Johannesburg Metro"]
[BlackTeam "Ethekwini"]
[WhiteTeamCountry "RSA"]
[BlackTeamCountry "RSA"]

1. e4 e5 2. Nf3 Nc6 3. Bc4 Nf6 4. d4 exd4 5. e5 Ng8 6. Ng5 Nh6 7. Bb5 Bc5 8. Bxc6 dxc6 9. 0-0 0-0 10. Re1 Re8 11. h3 Nf5 12. c3 h6 13. Nf3 dxc3 14. Qxd8 Rxd8 15. Nxc3 Be6 16. Bf4 Re8 17. Rad1 Rad8 18. a3 a5 19. Rd2 Rxd2 20. Nxd2 Ne7 21. Be3 Bxe3 22. Rxe3 Nd5 23. Nxd5 cxd5 24. Rc3 c6 25. Nb3 Ra8 26. Nc5 Rb8 27. Nxe6 fxe6 28. Kf1 Kf7 29. Ke2 Rc8 30. Ke3 c5 31. Kd3 Kg6 32. b4 axb4 33. axb4 c4+ 34. Kd4 b6 35. g3 Rf8 36. f4 Rf7 37. Rf3 Kh7 38. Rf2 g6 39. h4 h5 40. Ra2 Rb7 41. Ra6 Kg7 42. Ra3 Kh7 43. Ra2 Kg7 44. Rg2 Rf7 45. Rg1 Kh7 46. Ra1 Rb7 47. Ra6 Kg7 48. Ra1 Kh7 49. Ra6 Kg7 50. Ra1 Kh7 51. Ra6 Kg7 1/2-1/2

[Event "RSA-chT U12"]
[Site "Cape Town"]
[Date "2016.01.04"]
[Round "2.4"]
[White "Samuels, Kieran"]
[Black "Calitz, Janno"]
[Result "1-0"]
[WhiteElo "1320"]
[BlackElo "1021"]
[PlyCount "81"]
[EventDate "2016.01.04"]
[EventType "team-tourn"]
[EventRounds "7"]
[EventCountry "RSA"]
[SourceTitle "CBM 170 Extra"]
[Source "ChessBase"]
[SourceDate "2016.02.25"]
[SourceVersion "1"]
[SourceVersionDate "2016.02.25"]
[SourceQuality "1"]
[WhiteTeam "Western Province"]
[BlackTeam "Johannesburg Metro"]
[WhiteTeamCountry "RSA"]
[BlackTeamCountry "RSA"]

1. e4 c5 2. Nc3 a6 3. a4 Nc6 4. g3 Qc7 5. Nd5 Qd6 6. d3 e6 7. Bf4 Ne5 8. Nf3 exd5 9. Nxe5 Qe6 10. Qe2 Bd6 11. exd5 Qe7 12. Nc4 Qxe2+ 13. Bxe2 Bxf4 14. gxf4 Nf6 15. Nd6+ Kf8 16. Kd2 Nxd5 17. f5 Ke7 18. Ne4 Re8 19. Nxc5 Kf8 20. Bf3 Ne7 21. f6 gxf6 22. Nxb7 Bxb7 23. Bxb7 Rab8 24. Bxa6 Rxb2 25. Bb5 Rc8 26. Rhc1 Rc7 27. Rab1 Rxb1 28. Rxb1 Nd5 29. c4 Nb6 30. a5 Na8 31. Bxd7 Rxd7 32. Rb8+ Kg7 33. Rxa8 Rb7 34. a6 Rb2+ 35. Ke3 Ra2 36. c5 Ra5 37. c6 f5 38. c7 f4+ 39. Kf3 Rc5 40. c8Q Rxc8 41. Rxc8 1-0